00402 a2200145 4500003000400000005001700004008004100021020001800062040000900080082001500089100002000104245008000124260004300204300000900247OSt20231121120323.0231121b |||||||| |||| 00| 0 eng d a9789327236217 coclc a570bKAL/F aKalita, Evarani aFundamentals of Biological Techniques /cEvarani Kalita, Akshay Kumar Haloi aNew Delhi:bKalyani Publishers,c2016. a307p